Όλα τα κατοικημένα νησιά της Ελλάδας - Statistics

General Stats
  • This quiz has been taken 542 times
  • The average score is 57 of 116
Answer Stats
Νησί % Correct
Κρήτη
97%
Κέρκυρα
95%
Κεφαλονιά
92%
Μύκονος
91%
Ρω
91%
Λέσβος
90%
Πάρος
90%
Ζάκυνθος
89%
Θήρα (Σαντορίνη)
89%
Λευκάδα
88%
Ρόδος
88%
Νάξος
87%
Σάμος
87%
Εύβοια
86%
Χίος
86%
Κως
85%
Ιθάκη
84%
Παξοί
84%
Σκιάθος
84%
Κύθηρα
83%
Σκόπελος
83%
Θάσος
82%
Σαμοθράκη
82%
Λήμνος
79%
Άνδρος
78%
Ικαρία
78%
Τήνος
78%
Μήλος
77%
Ύδρα
77%
Αλόννησος
75%
Σύρος
75%
Αίγινα
74%
Αντίπαξοι
73%
Αντίπαρος
73%
Κάρπαθος
73%
Σπέτσες
72%
Σκύρος
71%
Ίος (Νιο)
70%
Κέα (Τζια)
70%
Σαλαμίνα
70%
Ψαρά
70%
Σέριφος
69%
Αστυπάλαια
68%
Γαύδος
67%
Καστελόριζο
66%
Πόρος
66%
Αντικύθηρα
65%
Αμοργός
63%
Φολέγανδρος
63%
Πάτμος
62%
Σύμη
62%
Κάλυμνος
61%
Λέρος
61%
Σίφνος
60%
Τήλος
58%
Κύθνος
55%
Άνω Κουφονήσι
54%
Κάσος
54%
Ανάφη
51%
Αγκίστρι
50%
Δήλος
50%
Κίμωλος
50%
Δονούσα
49%
Σίκινος
48%
Άγιος Ευστράτιος
45%
Φούρνοι
45%
Νίσυρος
44%
Σχοινούσα
41%
Χάλκη
41%
Ελαφόνησος
39%
Οινούσσες
39%
Μακρόνησος
36%
Ηρακλειά
34%
Οθωνοί
33%
Λειψοί
32%
Σκορπιός
30%
Ψέριμος
30%
Αμμουλιανή
29%
Μεγανήσι
28%
Αγαθονήσι
25%
Ερεικούσα
22%
Θηρασιά
21%
Φαρμακονήσι
19%
Κυρά Παναγιά
18%
Κάλαμος
17%
Μαθράκι
17%
Καστός
16%
Σπετσοπούλα
16%
Τέλενδος
16%
Χρυσή
16%
Στρογγυλή Μεγίστης
15%
Τριζόνια
14%
Αρκοί
13%
Σαμιοπούλα
13%
Δοκός
12%
Θύμαινα
12%
Παλαιό Τρίκερι
12%
Πιπέρι
12%
Γαυδοπούλα
10%
Γυαλί
10%
Κίναρος
9%
Μάραθος
9%
Περιστέρα
9%
Τρίκερι Ύδρας
9%
Άγιος Μηνάς Φούρνων
8%
Καλόλιμνος
8%
Σταμφάνη Στροφάδων
7%
Λέβιθα
6%
Σαπιέντζα
6%
Σαρία
6%
Σχίζα
6%
Πλατεία Αργολίδας
4%
Κάτω Αντικέρι
3%
Πλατύ Καλύμνου
3%
Πρώτη
3%
Αδέλφι Αλοννήσου
1%
No matching quizzes found
Score Distribution
Percent of People with Each Score
Percentile by Number Answered
Your Score History
You have not taken this quiz